Dota 2 funny item quiz - Statistics

General Stats
  • This quiz has been taken 364 times
  • The average score is 4 of 15
Answer Stats
Hint Answer % Correct
Big brother of magic stick Magic wand
92%
A hyperstone sandwich Moon shard
80%
Weaker version of Nyx Assassin's vendetta Silver edge
41%
Does green + red makes purple? Sange and Yasha
37%
Oh I'm fast. Aww I'm slow Phase boots
31%
Ultimate upgrader Aghanim's scepter
24%
CCTV already exist at Dota 2 Wards
23%
Teleportation invented by writing some shit on a piece of paper Boots of travel
20%
Useless or useful? Single or bundle? Ironwood branch
20%
This item want to fight sven Battlefury
16%
Glowing red thingy Desolator
6%
Triple color technology Power threads
5%
Save a tree. Buy a ________ Healing slave
3%
Buy my shit or you'll die The shopkeeper
1%
Voldemort's offering didn't suceed. He send his little brother Valdamir's offering
0%
No matching quizzes found
Score Distribution
Percent of People with Each Score
Percentile by Number Answered
Your Score History
You have not taken this quiz